Hyperspectral remote sensing of tropical and sub-tropical forests. (Record no. 5078)
[ view plain ]
| 000 -LEADER | |
|---|---|
| fixed length control field | 00790nam a22002537a 4500 |
| 003 - CONTROL NUMBER IDENTIFIER | |
| control field | OSt |
| 005 - DATE AND TIME OF LATEST TRANSACTION | |
| control field | 20220107122811.0 |
| 008 - FIXED-LENGTH DATA ELEMENTS--GENERAL INFORMATION | |
| fixed length control field | 160418b xxu||||| |||| 00| 0 eng d |
| 020 ## - INTERNATIONAL STANDARD BOOK NUMBER | |
| International Standard Book Number | 9781420053418 |
| 040 ## - CATALOGING SOURCE | |
| Transcribing agency | IIITMK |
| 082 ## - DEWEY DECIMAL CLASSIFICATION NUMBER | |
| Classification number | 621.3678 KAL/H |
| 100 ## - MAIN ENTRY--PERSONAL NAME | |
| Personal name | Kalacska, Margaret |
| 9 (RLIN) | 8945 |
| 245 ## - TITLE STATEMENT | |
| Title | Hyperspectral remote sensing of tropical and sub-tropical forests. |
| Statement of responsibility, etc. | Margaret Kalacska [et. al.]... (Eds.) |
| 260 ## - PUBLICATION, DISTRIBUTION, ETC. | |
| Place of publication, distribution, etc. | Boca Raton, |
| Name of publisher, distributor, etc. | CRC Press, |
| Date of publication, distribution, etc. | 2008 |
| 300 ## - PHYSICAL DESCRIPTION | |
| Extent | xxv, 320p. |
| Other physical details | CD ROM |
| 650 ## - SUBJECT ADDED ENTRY--TOPICAL TERM | |
| Topical term or geographic name entry element | GEOGRAPHICAL INFORMATION SYSTEMS |
| 9 (RLIN) | 8946 |
| 650 ## - SUBJECT ADDED ENTRY--TOPICAL TERM | |
| Topical term or geographic name entry element | GIS |
| 9 (RLIN) | 8947 |
| 650 ## - SUBJECT ADDED ENTRY--TOPICAL TERM | |
| Topical term or geographic name entry element | REMOTE SENSING |
| 9 (RLIN) | 8948 |
| 650 ## - SUBJECT ADDED ENTRY--TOPICAL TERM | |
| Topical term or geographic name entry element | IMAGE PROCESSING |
| 9 (RLIN) | 8949 |
| 650 ## - SUBJECT ADDED ENTRY--TOPICAL TERM | |
| Topical term or geographic name entry element | SUB-TROPICAL FOREST |
| 9 (RLIN) | 8950 |
| 650 ## - SUBJECT ADDED ENTRY--TOPICAL TERM | |
| Topical term or geographic name entry element | HYPERSPECTRAL |
| 9 (RLIN) | 8951 |
| 700 ## - ADDED ENTRY--PERSONAL NAME | |
| Personal name | Arturo Sánchez-Azofeifa, G. |
| 9 (RLIN) | 8952 |
| 942 ## - ADDED ENTRY ELEMENTS (KOHA) | |
| Source of classification or shelving scheme | Dewey Decimal Classification |
| Koha item type | Books |
| Withdrawn status | Lost status | Source of classification or shelving scheme | Damaged status | Not for loan | Collection code | Home library | Current library | Shelving location | Date acquired | Cost, normal purchase price | Total Checkouts | Full call number | Barcode | Date last seen | Date last checked out | Price effective from | Koha item type |
|---|---|---|---|---|---|---|---|---|---|---|---|---|---|---|---|---|---|
| Dewey Decimal Classification | Remote Sensing | Kerala University of Digital Sciences, Innovation and Technology Knowledge Centre | Kerala University of Digital Sciences, Innovation and Technology Knowledge Centre | Applied Electronics | 18/04/2016 | 8547.00 | 1 | 621.3678 KAL/H | 4377 | 03/12/2020 | 12/01/2018 | 18/04/2016 | Books |